Welcome to the Holygrace Academy Library

Please use search bar below to get started

SHEERSHASANAM (Record no. 5003)

MARC details
000 -LEADER
fixed length control field 00302nam a22001457a 4500
020 ## - INTERNATIONAL STANDARD BOOK NUMBER
ISBN 81-8858225-5
082 ## - DEWEY DECIMAL CLASSIFICATION NUMBER
Classification number 894.892.3
Item number RAM/S
100 ## - MAIN ENTRY--AUTHOR NAME
Personal name RAMANUNNY,K.P
245 ## - TITLE STATEMENT
Title SHEERSHASANAM
260 ## - PUBLICATION, DISTRIBUTION, ETC. (IMPRINT)
Place of publication 2004
Name of publisher GREEN BOOKS
Year of publication KOTTAYAM
300 ## - PHYSICAL DESCRIPTION
Number of Pages 143
520 ## - SUMMARY, ETC.
Summary, etc NOVEL
650 ## - SUBJECT ADDED ENTRY--TOPICAL TERM
Topical Term NOVEL
942 ## - ADDED ENTRY ELEMENTS (KOHA)
Koha item type Books
Holdings
Withdrawn status Lost status Collection code Home library Current library Shelving location Date acquired Source of acquisition Cost, normal purchase price Full call number Accession Number Koha item type
    Fiction Main Library Main Library SHELF-16- J- MALAYALAM NOVELS,FICTIONS 07/08/2009 Purchase 80.00 894.892.3 RAM/S 02734 Books